00700nam a2200205 a 450000100060000000300080000600500170001400800410003103500190007204000270009104100080011808200270012610000410015324500890019426000680028330000380035149000330038950400260042265100460044853770BD-RjUL20211209080022.0740606s1967 enka b 000 0 eng  a(BD-RjUL)53892 aDLCcDLCdBD-RjULbeng aeng00a352.00730186bWIL 19671 aWiseman, H. Victorq(Herbert Victor)10aLocal government at work :ba case study of a county borough /cby H. Victor Wiseman aLondon,bRoutledge & K. Paul ;aNew York,bHumanities P.,c1967 avii, 104 p. :bill. ;c19 1/2 cm.0 aLibrary of political studies aIncludes Bibliography 0aLeeds (England)xPolitics and government.